[Event "Catalunya-chT Gp1"]
[Site "Barcelona"]
[Date "2018.02.24"]
[Round "6.10"]
[White "Garcia Castany Musellas, Gal La"]
[Black "Corriguelas Armillas, Frederic"]
[Result "1-0"]
[WhiteElo "2172"]
[BlackElo "1967"]
[PlyCount "89"]
[EventDate "2018.01.20"]
[EventType "team-tourn"]
[EventRounds "7"]
[EventCountry "ESP"]
[SourceTitle "EXT 2019"]
[Source "ChessBase"]
[SourceDate "2018.10.10"]
[SourceVersion "1"]
[SourceVersionDate "2018.10.10"]
[SourceQuality "1"]
[WhiteTeam "Colon Sabadell"]
[BlackTeam "Peona I Peo"]
[WhiteTeamCountry "ESP"]
[BlackTeamCountry "ESP"]

1. e4 c5 2. Nf3 Nc6 3. Bb5 d6 4. d4 cxd4 5. Qxd4 Bd7 6. Qd3 h6 7. c4 Nf6 8. Nc3 e5 9. 0-0 Be7 10. h3 0-0 11. Rd1 a6 12. Ba4 Nb4 13. Qe2 Bxa4 14. Nxa4 Qa5 15. Nc3 Rac8 16. Be3 Nc6 17. a3 Nb8 18. Rac1 Nbd7 19. Nh4 Rfe8 20. Nf5 Qc7 21. Nd5 Nxd5 22. cxd5 Qd8 23. Rxc8 Qxc8 24. Qg4 g6 25. Nxh6+ Kg7 26. Nf5+ Kg8 27. Nxe7+ Rxe7 28. Bg5 Qe8 29. Bxe7 Qxe7 30. Rc1 Nc5 31. b4 Nd3 32. Rc3 Nf4 33. g3 Nh5 34. Rc8+ Kg7 35. Qh4 Qxh4 36. gxh4 f5 37. exf5 gxf5 38. Rd8 Nf4 39. Rxd6 Nxh3+ 40. Kf1 Nf4 41. Rd7+ Kf6 42. Rxb7 Nxd5 43. Ra7 e4 44. Rxa6+ Ke5 45. Ra5 1-0

[Event "Llinars del Valles op-A 10th"]
[Site "Llinars del Valles"]
[Date "2016.05.07"]
[Round "6"]
[White "Corriguelas Armillas, Frederic"]
[Black "Costa Trave, Jaume"]
[Result "0-1"]
[WhiteElo "1984"]
[BlackElo "1896"]
[PlyCount "128"]
[EventDate "2016.04.02"]
[EventType "swiss"]
[EventRounds "9"]
[EventCountry "ESP"]
[SourceTitle "CBM 172 Extra"]
[Source "ChessBase"]
[SourceDate "2016.06.21"]
[SourceVersion "1"]
[SourceVersionDate "2016.06.21"]
[SourceQuality "1"]

1. e4 e6 2. d4 d5 3. Nd2 dxe4 4. Nxe4 Bd7 5. Nf3 Bc6 6. Bd3 Nd7 7. Bf4 Ngf6 8. Nxf6+ gxf6 9. Qe2 Bg7 10. 0-0-0 Nb6 11. Kb1 Qd7 12. Rhe1 0-0-0 13. c3 Nd5 14. Bg3 Ba4 15. Bc2 h5 16. h4 Kb8 17. Bxa4 Qxa4 18. Qc2 Qc6 19. Ka1 Ka8 20. Qb3 Rd7 21. Re2 Rhd8 22. Rde1 Bh6 23. a3 Nb6 24. Re4 Nc4 25. d5 exd5 26. Re8 a6 27. Rxd8+ Rxd8 28. Re7 Nd6 29. Bxd6 Qxd6 30. Rxf7 Kb8 31. Qc2 Bf4 32. Qf5 Be5 33. Nxe5 fxe5 34. Qxh5 d4 35. cxd4 exd4 36. Qd1 d3 37. Qd2 c5 38. h5 c4 39. Rf3 Qd4 40. h6 Rd7 41. Kb1 Ka7 42. Kc1 Re7 43. Re3 Rh7 44. Re8 Qf6 45. Qe3+ b6 46. Qe5 Qxh6+ 47. Kb1 Rb7 48. Qh8 Qxh8 49. Rxh8 Re7 50. Rd8 Re2 51. b3 b5 52. bxc4 bxc4 53. f4 Rxg2 54. Rd6 Kb7 55. f5 Rg4 56. f6 Rf4 57. Kb2 Kc7 58. Rxa6 Rf2+ 59. Kc3 Rc2+ 60. Kd4 d2 61. Kc5 d1Q 62. Ra7+ Kb8 63. Re7 Qd8 64. Kc6 Rb2 0-1

[Event "ESP-chT CECLUB Div2"]
[Site "Linares"]
[Date "2014.08.20"]
[Round "4.7"]
[White "Urbina Perez, Juan Antonio"]
[Black "Corriguelas Armillas, Frederic"]
[Result "1-0"]
[WhiteElo "2171"]
[BlackElo "2035"]
[PlyCount "91"]
[EventDate "2014.08.18"]
[EventType "team-swiss"]
[EventRounds "6"]
[EventCountry "ESP"]
[SourceTitle "CBM 162 Extra"]
[Source "ChessBase"]
[SourceDate "2014.10.17"]
[SourceVersion "1"]
[SourceVersionDate "2014.10.17"]
[SourceQuality "1"]
[WhiteTeam "Cadiz Shahmat"]
[BlackTeam "Peona I Peo"]
[WhiteTeamCountry "ESP"]
[BlackTeamCountry "ESP"]

1. e4 c5 2. Nf3 Nc6 3. Bb5 d6 4. d4 cxd4 5. Qxd4 Bd7 6. Bxc6 Bxc6 7. Nc3 h6 8. Be3 Nf6 9. 0-0-0 e6 10. Rhg1 Be7 11. g4 d5 12. Ne5 Qa5 13. exd5 Bxd5 14. Nxd5 Nxd5 15. Kb1 0-0 16. g5 Nxe3 17. Qxe3 hxg5 18. h4 Rfd8 19. Rxd8+ Rxd8 20. hxg5 Qd2 21. Qf3 f5 22. gxf6 Bxf6 23. Nd3 Rxd3 24. Qxd3 Qxf2 25. Rd1 Qb6 26. c3 Qc6 27. Qd7 Qe4+ 28. Qd3 Qc6 29. a3 a5 30. Qd7 Qe4+ 31. Ka2 Qc4+ 32. Ka1 Qc6 33. Qxc6 bxc6 34. Kb1 Kf7 35. Kc2 Ke7 36. b4 axb4 37. cxb4 Be5 38. a4 Bc7 39. a5 g5 40. Ra1 Bb8 41. Kd3 Kf6 42. Ke4 e5 43. Rc1 g4 44. Rxc6+ Kg5 45. Rc8 Bd6 46. a6 1-0

[Event "ESP-chT CECLUB Div2"]
[Site "Linares"]
[Date "2014.08.18"]
[Round "1.2"]
[White "Corriguelas Armillas, Frederic"]
[Black "Lopez del Alamo, Antonio"]
[Result "1-0"]
[WhiteElo "2035"]
[BlackElo "2275"]
[PlyCount "69"]
[EventDate "2014.08.18"]
[EventType "team-swiss"]
[EventRounds "6"]
[EventCountry "ESP"]
[SourceTitle "CBM 162 Extra"]
[Source "ChessBase"]
[SourceDate "2014.10.17"]
[SourceVersion "1"]
[SourceVersionDate "2014.10.17"]
[SourceQuality "1"]
[WhiteTeam "Peona I Peo"]
[BlackTeam "Villalba 64"]
[WhiteTeamCountry "ESP"]
[BlackTeamCountry "ESP"]

1. e4 c5 2. Nf3 e6 3. Nc3 Nc6 4. d4 cxd4 5. Nxd4 Nf6 6. Ndb5 d6 7. Bf4 e5 8. Bg5 a6 9. Na3 b5 10. Nab1 Be7 11. Bxf6 Bxf6 12. a4 bxa4 13. Rxa4 0-0 14. Bc4 Nd4 15. 0-0 Bg5 16. Nd5 a5 17. c3 Ne6 18. b4 Bd7 19. Ra3 axb4 20. cxb4 Rc8 21. Qd3 Nd4 22. Nbc3 Kh8 23. b5 f5 24. f3 Rc5 25. Ra6 Qb8 26. Rb1 Bc8 27. Rb6 Qa7 28. Kh1 fxe4 29. fxe4 Qd7 30. Rf1 Rd8 31. Na4 Bb7 32. Nxc5 dxc5 33. Qa3 Bxd5 34. Bxd5 Nc2 35. Qxc5 1-0

[Event "La Pobla de Lillet op 24th"]
[Site "La Pobla de Lillet"]
[Date "2014.08.05"]
[Round "4"]
[White "Corriguelas Armillas, Frederic"]
[Black "Cervello Tost, Ferran"]
[Result "0-1"]
[WhiteElo "2035"]
[BlackElo "2141"]
[PlyCount "62"]
[EventDate "2014.08.02"]
[EventType "swiss"]
[EventRounds "9"]
[EventCountry "ESP"]
[SourceTitle "EXT 2017"]
[Source "ChessBase"]
[SourceDate "2016.10.25"]
[SourceVersion "1"]
[SourceVersionDate "2016.10.25"]
[SourceQuality "1"]

1. e4 c6 2. d4 d5 3. Nc3 dxe4 4. Nxe4 Bf5 5. Ng3 Bg6 6. Nf3 Nd7 7. Bd3 e6 8. 0-0 Ngf6 9. Re1 Be7 10. b3 Qc7 11. Bb2 0-0 12. Bxg6 hxg6 13. Ne5 Rad8 14. Qe2 Nxe5 15. dxe5 Nd5 16. Ne4 Rd7 17. Qg4 c5 18. c4 Nb4 19. Nf6+ gxf6 20. exf6 Bd6 21. Qh4 Rfd8 22. Bc1 Bf8 23. Bh6 Rd4 24. Qh3 Qd6 25. g3 Nc2 26. Bxf8 Qxf8 27. Re5 Nxa1 28. Rg5 Nc2 29. Qh5 Qg7 30. Qf3 Rd1+ 31. Kg2 Ne1+ 0-1

[Event "La Pobla de Lillet op 24th"]
[Site "La Pobla de Lillet"]
[Date "2014.08.03"]
[Round "2"]
[White "Corriguelas Armillas, Frederic"]
[Black "Gomez Jurado, Luis Alberto"]
[Result "0-1"]
[WhiteElo "2035"]
[BlackElo "2302"]
[PlyCount "102"]
[EventDate "2014.08.02"]
[EventType "swiss"]
[EventRounds "9"]
[EventCountry "ESP"]
[SourceTitle "EXT 2017"]
[Source "ChessBase"]
[SourceDate "2016.10.25"]
[SourceVersion "1"]
[SourceVersionDate "2016.10.25"]
[SourceQuality "1"]

1. e4 c6 2. d4 d5 3. Nc3 dxe4 4. Nxe4 Bf5 5. Ng3 Bg6 6. Nf3 Nd7 7. Bd3 e6 8. 0-0 Ngf6 9. b3 Bd6 10. Bb2 Qc7 11. Re1 0-0 12. Bxg6 hxg6 13. Ne5 Rfe8 14. Qf3 c5 15. Nc4 cxd4 16. Bxd4 e5 17. Nxd6 Qxd6 18. Bb2 Rac8 19. c4 Qc6 20. Qxc6 Rxc6 21. Re2 a5 22. Rae1 Rce6 23. f3 b6 24. Kf1 a4 25. b4 Rc8 26. Rc1 Rec6 27. Bxe5 Nxe5 28. Rxe5 Rxc4 29. Rxc4 Rxc4 30. Rb5 Rc1+ 31. Ke2 Rc2+ 32. Kd3 Rxa2 33. Rxb6 Rf2 34. Rb8+ Kh7 35. Ne4 Nxe4 36. fxe4 Rxg2 37. Ra8 Rxh2 38. Rxa4 g5 39. b5 Rb2 40. Kc4 g4 41. Kc5 Kg6 42. b6 Kg5 43. Ra7 g3 44. Rxf7 g6 45. Rf1 g2 46. Re1 Kf4 47. Kc6 Re2 48. Rxe2 g1Q 49. b7 Qa7 50. e5 Qa6+ 51. Kc7 Qxe2 0-1

[Event "Cerdanyola MC 3rd"]
[Site "Cerdanyola del Valles"]
[Date "2013.10.05"]
[Round "1"]
[White "Valencia Jimenez, Jose"]
[Black "Corriguelas Armillas, Frederic"]
[Result "1-0"]
[WhiteElo "2124"]
[BlackElo "2039"]
[PlyCount "69"]
[EventDate "2013.10.05"]
[EventType "tourn"]
[EventRounds "9"]
[EventCountry "ESP"]
[SourceTitle "EXT 2015"]
[Source "ChessBase"]
[SourceDate "2014.11.20"]
[SourceVersion "1"]
[SourceVersionDate "2014.11.20"]
[SourceQuality "1"]

1. Nf3 Nf6 2. g3 d6 3. d4 Nbd7 4. c4 e5 5. Nc3 c6 6. Bg2 Be7 7. 0-0 0-0 8. Qc2 Qc7 9. b3 Re8 10. Rd1 Rb8 11. c5 a6 12. dxe5 dxe5 13. Na4 Bf8 14. Rb1 Nd5 15. Ng5 N7f6 16. e4 Nb4 17. Qc4 a5 18. a3 Na6 19. f4 Bg4 20. Rf1 h6 21. Nf3 Be6 22. Qc2 exf4 23. Bxf4 Qe7 24. Bxb8 Rxb8 25. b4 axb4 26. axb4 Nc7 27. Nd4 Nb5 28. Nxb5 cxb5 29. Nb6 Nd7 30. Nd5 Qg5 31. Qc1 Qe5 32. Qf4 Qd4+ 33. Kh1 Rc8 34. Nc7 Bc4 35. Rbd1 1-0

[Event "Foment Martinenc op-A 15th"]
[Site "Barcelona"]
[Date "2013.06.15"]
[Round "9"]
[White "Garcia Castellote, Oscar"]
[Black "Corriguelas Armillas, Frederic"]
[Result "1/2-1/2"]
[WhiteElo "2049"]
[BlackElo "2038"]
[PlyCount "72"]
[EventDate "2013.04.20"]
[EventType "swiss"]
[EventRounds "9"]
[EventCountry "ESP"]
[SourceTitle "CBM 154 Extra"]
[Source "ChessBase"]
[SourceDate "2013.06.25"]
[SourceVersion "2"]
[SourceVersionDate "2013.06.25"]
[SourceQuality "1"]

1. e4 e6 2. d4 d5 3. Nc3 Bb4 4. e5 c5 5. Bd2 Ne7 6. Nb5 Bxd2+ 7. Qxd2 0-0 8. f4 a6 9. Nd6 cxd4 10. Nf3 Nbc6 11. Bd3 f6 12. 0-0 fxe5 13. fxe5 Rxf3 14. Rxf3 Nxe5 15. Qf4 Nxf3+ 16. gxf3 Nf5 17. Bxf5 exf5 18. Qe5 Qg5+ 19. Kf1 Qe3 20. Qxd5+ Be6 21. Qxb7 Rf8 22. Re1 Qh6 23. Qe7 Bf7 24. Nxf7 Rxf7 25. Qd8+ Rf8 26. Re8 Qc1+ 27. Kg2 Qxc2+ 28. Kh3 Qc5 29. Rxf8+ Qxf8 30. Qxd4 Qc8 31. Qd5+ Kf8 32. b4 g5 33. Qe5 f4+ 34. Kg2 Qc2+ 35. Kh3 Qc8+ 36. Kg2 Qc2+ 1/2-1/2

[Event "Foment Martinenc op-A 15th"]
[Site "Barcelona"]
[Date "2013.05.11"]
[Round "4"]
[White "Mut Company, Guillem Joan"]
[Black "Corriguelas Armillas, Frederic"]
[Result "1-0"]
[WhiteElo "1910"]
[BlackElo "2038"]
[PlyCount "43"]
[EventDate "2013.04.20"]
[EventType "swiss"]
[EventRounds "9"]
[EventCountry "ESP"]
[SourceTitle "CBM 154 Extra"]
[Source "ChessBase"]
[SourceDate "2013.06.25"]
[SourceVersion "2"]
[SourceVersionDate "2013.06.25"]
[SourceQuality "1"]

1. e4 c5 2. Nf3 d6 3. d4 cxd4 4. Nxd4 Nf6 5. Nc3 Nc6 6. Bg5 Bd7 7. Qd2 Rc8 8. f4 Nxd4 9. Qxd4 Qa5 10. e5 dxe5 11. fxe5 e6 12. 0-0-0 Bc6 13. Bb5 Bxb5 14. exf6 Bc6 15. h4 g6 16. Rhe1 Bc5 17. Rxe6+ Kf8 18. Rxc6 bxc6 19. Qd7 Rb8 20. Bf4 Ra8 21. Qxc6 Rd8 22. Qxc5+ 1-0

[Event "Foment Martinenc op-A 15th"]
[Site "Barcelona"]
[Date "2013.04.27"]
[Round "2"]
[White "Amigo Villalta, Jordi"]
[Black "Corriguelas Armillas, Frederic"]
[Result "1-0"]
[WhiteElo "2207"]
[BlackElo "2038"]
[PlyCount "81"]
[EventDate "2013.04.20"]
[EventType "swiss"]
[EventRounds "9"]
[EventCountry "ESP"]
[SourceTitle "CBM 154 Extra"]
[Source "ChessBase"]
[SourceDate "2013.06.25"]
[SourceVersion "2"]
[SourceVersionDate "2013.06.25"]
[SourceQuality "1"]

1. d4 Nf6 2. c4 e6 3. g3 Be7 4. Bg2 d6 5. e4 e5 6. Ne2 0-0 7. 0-0 Nbd7 8. Nbc3 c6 9. h3 Re8 10. Kh2 Bf8 11. d5 a5 12. Be3 Qc7 13. Nc1 b6 14. Nd3 Ba6 15. b3 cxd5 16. exd5 g6 17. Qd2 Bg7 18. Rae1 Rab8 19. a4 e4 20. Nf4 Nc5 21. Bxc5 bxc5 22. Nb5 Bxb5 23. axb5 Ra8 24. Qc2 g5 25. Ne2 e3 26. Nc3 exf2 27. Qxf2 Ng4+ 28. hxg4 Bxc3 29. Re4 Re5 30. Rxe5 Bxe5 31. Qf5 f6 32. Be4 a4 33. bxa4 Rxa4 34. Kg2 Ra2+ 35. Bc2 Ra7 36. Rh1 Qd7 37. Qxd7 Rxd7 38. Rxh7 Rd8 39. b6 Rb8 40. b7 Bd4 41. Rc7 1-0

[Event "La Pobla de Lillet op 22nd"]
[Site "La Pobla de Lillet"]
[Date "2012.08.08"]
[Round "8"]
[White "Corriguelas Armillas, Frederic"]
[Black "Garcia Castellote, Oscar"]
[Result "1-0"]
[WhiteElo "1969"]
[BlackElo "2061"]
[PlyCount "51"]
[EventDate "2012.08.01"]
[EventType "swiss"]
[EventRounds "9"]
[EventCountry "ESP"]
[SourceTitle "CBM 149 Extra"]
[Source "ChessBase"]
[SourceDate "2012.08.24"]
[SourceVersion "1"]
[SourceVersionDate "2012.08.24"]
[SourceQuality "1"]

1. e4 c5 2. Nf3 Nc6 3. d4 cxd4 4. Nxd4 g6 5. Nc3 Bg7 6. Be3 Nf6 7. f3 0-0 8. g4 Qb6 9. Rb1 d5 10. g5 dxe4 11. gxf6 Bxf6 12. fxe4 Bxd4 13. Nd5 Bxe3 14. Nxb6 Bxb6 15. h4 Rd8 16. Qe2 Nd4 17. Qg2 Be6 18. h5 Bxa2 19. Ra1 Be6 20. hxg6 hxg6 21. c3 Nb3 22. Qh2 Kg7 23. Qe5+ f6 24. Qxe6 Nxa1 25. Qxe7+ Kg8 26. Bc4+ 1-0

[Event "Llinars del Valles op-A 6th"]
[Site "Llinars del Valles"]
[Date "2012.05.19"]
[Round "6"]
[White "Corriguelas Armillas, Frederic"]
[Black "Jareno Badenas, Aleix"]
[Result "1/2-1/2"]
[WhiteElo "1967"]
[BlackElo "1970"]
[PlyCount "61"]
[EventDate "2012.04.14"]
[EventType "swiss"]
[EventRounds "9"]
[EventCountry "ESP"]
[SourceTitle "EXT 2013"]
[Source "ChessBase"]
[SourceDate "2012.11.22"]
[SourceVersion "1"]
[SourceVersionDate "2012.11.22"]
[SourceQuality "1"]

1. e4 e6 2. d4 d5 3. Nc3 dxe4 4. Nxe4 Bd7 5. Nf3 Bc6 6. Bd3 Nd7 7. Bf4 Ngf6 8. Qe2 Be7 9. 0-0-0 Nxe4 10. Bxe4 Bxe4 11. Qxe4 c6 12. Rhe1 Nf6 13. Qe2 0-0 14. Kb1 Nd5 15. Bd2 a5 16. Ne5 a4 17. c4 Nf6 18. Bc3 Qc7 19. g4 Rad8 20. f4 Nd7 21. f5 Nxe5 22. dxe5 Rxd1+ 23. Rxd1 Rd8 24. f6 Bf8 25. Rxd8 Qxd8 26. Kc2 gxf6 27. exf6 Qd6 28. a3 Qc5 29. Bb4 Qd4 30. Bc3 Qc5 31. Bb4 1/2-1/2

[Event "Cerdanyola del Valles op-A 29th"]
[Site "Cerdanyola del Valles"]
[Date "2011.10.15"]
[Round "3"]
[White "Corriguelas Armillas, Frederic"]
[Black "Torres Morales, Ferran"]
[Result "1-0"]
[WhiteElo "1986"]
[BlackElo "1794"]
[PlyCount "57"]
[EventDate "2011.10.01"]
[EventType "swiss"]
[EventRounds "8"]
[EventCountry "ESP"]
[SourceTitle "EXT 2013"]
[Source "ChessBase"]
[SourceDate "2012.11.22"]
[SourceVersion "1"]
[SourceVersionDate "2012.11.22"]
[SourceQuality "1"]

1. e4 e6 2. d4 d5 3. Nc3 Nf6 4. e5 Nfd7 5. Nce2 c5 6. c3 Nc6 7. f4 a6 8. Nf3 b5 9. g3 Bb7 10. Bg2 cxd4 11. cxd4 Be7 12. 0-0 0-0 13. f5 exf5 14. Nf4 Nb6 15. h4 Bc8 16. Ng5 h6 17. Ngh3 Be6 18. Nxe6 fxe6 19. Nf4 Qd7 20. Bf3 Rfc8 21. Kg2 Nb4 22. Rf2 a5 23. Bh5 Ra7 24. Bg6 Rac7 25. Qh5 Rxc1 26. Bf7+ Kh8 27. Rxc1 Rxc1 28. Bxe6 Qc7 29. Qe8+ 1-0

[Event "Llinars del Valles op-A 5th"]
[Site "Llinars del Valles"]
[Date "2011.05.28"]
[Round "5"]
[White "Corriguelas Armillas, Frederic"]
[Black "Vilanova Olmedo, Ignasi"]
[Result "1/2-1/2"]
[WhiteElo "1981"]
[BlackElo "1693"]
[PlyCount "70"]
[EventDate "2011.04.30"]
[EventType "swiss"]
[EventRounds "7"]
[EventCountry "ESP"]
[SourceTitle "EXT 2012"]
[Source "ChessBase"]
[SourceDate "2011.11.24"]
[SourceVersion "1"]
[SourceVersionDate "2011.11.24"]
[SourceQuality "1"]

1. e4 c6 2. d4 d5 3. e5 Bf5 4. h4 h5 5. Ne2 e6 6. Ng3 Bg6 7. Be2 c5 8. c3 Nc6 9. Bxh5 Bxh5 10. Nxh5 cxd4 11. cxd4 Qb6 12. Ng3 Qxd4 13. Qxd4 Nxd4 14. Kd1 Kd7 15. Nc3 Nc6 16. Bf4 Bc5 17. Ke2 Nge7 18. h5 Bd4 19. Rac1 Bxe5 20. Bxe5 Nxe5 21. f4 N5c6 22. Rhd1 a6 23. Na4 Kc7 24. Nc5 Rad8 25. Nd3 Kb8 26. Kf2 Rc8 27. Re1 g6 28. Rh1 gxh5 29. Nxh5 Ng6 30. Nf6 Rxh1 31. Rxh1 Rh8 32. Rxh8+ Nxh8 33. g4 Ng6 34. g5 Nge7 35. Ng4 Nd8 1/2-1/2